Most Successful Men's National Soccer Teams - Statistics

General Stats
  • This quiz has been taken 337 times
    336 since last reset
  • The average score is 6 of 8
Answer Stats
FIFA World Cup Wins Olympic Gold Medals Country % Correct
5 0 Brazil
99%
4 1 East/West/Unified Germany
97%
2 2 Argentina
96%
4 1 Italy
93%
1 3 United Kingdom/England
89%
2 2 Uruguay
82%
0 2 Russia/USSR
51%
0 3 Hungary
28%
No matching quizzes found
Score Distribution
Percent of People with Each Score
Percentile by Number Answered
Your Score History
You have not taken this quiz since the last reset